Statistics for SpiceJet Destinations-Kolkata

Click here to take the quiz!

General Stats

  • This quiz has been taken 5 times
  • The average score is 17 of 24

Answer Stats

Country Airport % Correct
BangladeshDhaka
100%
India-KarnatakaBangalore
100%
India-TelanganaHyderabad
100%
India-Tamil NaduChennai
100%
India-MaharashtraMumbai
100%
India-BiharPatna
100%
India-DelhiDelhi
100%
India-GoaGoa
100%
India-Jammu and KashmirSrinagar
100%
India-Uttar PradeshVaranasi
75%
India-MaharashtraPune
75%
ThailandBangkok
75%
India-AssamGuwahati
75%
India-Andaman and NicobarPort Blair
50%
India-SikkimPakyong
50%
India-Tamil NaduCoimbatore
50%
India-AssamDibrugarh
50%
India-Uttar PradeshKanpur
50%
India-Andhra PradeshVisakhapatnam
50%
India-West BengalSiliguri
50%
India-AssamSilchar
25%
India-AssamLilabari
25%
India-OdishaJharsuguda
25%
India-Madhya PradeshJabalpur
25%

Score Distribution

Percentile by Number Answered

Percent of People with Each Score

Your Score History

You have not taken this quiz